|
|
|
|
| LEADER |
00000nam a22000007a 4500 |
| 005 |
20171211164414.0 |
| 007 |
cr|||| |||| |
| 008 |
171211s2007 mx |||||s|||| 00||0 spa d |
| 020 |
|
|
|a 978-607-401-037-4
|
| 035 |
|
|
|a 20833
|
| 040 |
|
|
|a vLex
|
| 090 |
|
|
|c 7282
|d 7282
|
| 100 |
1 |
|
|a Uribe Arzate, Enrique
|
| 245 |
1 |
0 |
|a Gňesis y prospectiva del Poder Constituyente en Mx̌ico
|h [Recurso electrn̤ico] /
|c Enrique Uribe Arzate; Hiram Ral︢ Pią Libien
|
| 256 |
|
|
|a Servicio en ln̕ea
|
| 260 |
|
|
|a Ciudad de Mx̌ico:
|b Cm̀ara de Diputados,
|c 2007
|
| 300 |
|
|
|a 1 recurso electrn̤ico
|
| 506 |
1 |
|
|a Disponible solo en los productos indicados
|d vLex Global
|d vLex Global (Academic Edition, excluding Law Schools)
|d vLex Global (U.S. Academic Edition, Law Schools)
|d vLex Global (U.S. Academic Edition, excluding Law Schools)
|d vLex Global (Academic Edition, Law Schools)
|
| 650 |
0 |
4 |
|a Derecho Constitucional
|z Mx̌ico
|
| 700 |
1 |
|
|a Pią Libien, Hiram Ral︢
|
| 740 |
0 |
|
|a vLex Libros (Servicio en ln̕ea)
|
| 856 |
4 |
0 |
|u http://vlex.com/source/genesis-prospectiva-poder-constituyente-mexico-20833
|z Acceso restringido
|
| 942 |
|
|
|c BOOK
|
| 999 |
0 |
|
|a Constitutional law
|